| 000 | 01057cam a2200265 a 4500 | ||
|---|---|---|---|
| 001 | 15108329 | ||
| 005 | 20250201100845.0 | ||
| 008 | 071211s2008 nyu b 001 0 eng | ||
| 020 | _a9780061474620 | ||
| 020 | _a0061474622 | ||
| 050 | 0 | 0 |
_aHV6432 _b.C54 2008 |
| 082 | 0 | 0 |
_a355/.033073 _222 |
| 100 | 1 |
_aClarke, Richard A. _q(Richard Alan), _d1951- |
|
| 245 | 1 | 0 |
_aYour government failed you : _bbreaking the cycle of national security disasters / _cRichard A. Clarke. |
| 250 | _a1st ed. | ||
| 260 |
_aNew York, NY : _bEcco, _cc2008. |
||
| 300 |
_a408 p. ; _c24 cm. |
||
| 650 | 0 |
_aTerrorism _xGovernment policy _zUnited States. |
|
| 650 | 0 |
_aNational security _zUnited States. |
|
| 650 | 0 | _aWar on Terrorism, 2001-2009. | |
| 856 | 4 | 1 |
_3Table of contents only _uhttp://www.loc.gov/catdir/toc/ecip086/2007050572.html |
| 856 | 4 | 2 |
_3Contributor biographical information _uhttp://www.loc.gov/catdir/enhancements/fy0911/2007050572-b.html |
| 856 | 4 | 2 |
_3Publisher description _uhttp://www.loc.gov/catdir/enhancements/fy0911/2007050572-d.html |
| 942 |
_2lcc _cBK _n0 |
||
| 999 |
_c3341 _d3341 |
||